Garis panduan perpustakaan masjid

Bibliographic Details
Corporate Author: Perpustakaan Negara Malaysia
Format: Book
Language:Malay
Published: Kuala Lumpur : Perpustakaan Negara Malaysia 2015
Subjects:

MARC

LEADER 00000cam a2200000 7i4500
001 0000027486
005 20170417.0
008 170324 my o may
020 |a 9789679312751 
040 |a INS   |b eng   |e rda 
090 0 0 |a Z675.M72   |b G37 2015 
245 1 0 |a Garis panduan perpustakaan masjid   |c disediakan oleh Jawatankuasa Garis Panduan Perpustakaan Masjid 
264 1 |a Kuala Lumpur :   |b Perpustakaan Negara Malaysia   |c 2015 
300 |a vii, 43 pages ;   |c 23 cm. 
336 |a text  |2 rdacontent 
337 |a unmediated  |2 rdamedia 
338 |a volume  |2 rdacarrier 
504 |a Bibliographical references (p. 42-43) 
650 0 |a Islamic libraries   |z Malaysia   |x Kandbooks, manuals, etc. 
650 0 |a Mosque libraries   |z Malaysia   |x Handbooks, manuals, etc. 
710 1 |a Perpustakaan Negara Malaysia 
999 |a 0000024396   |b BOOK   |c Open Shelf   |e Default branch